Normal view MARC view
  • OIL SPILLS

Entry Topical Term

Number of records used in: 1

001 - CONTROL NUMBER

  • control field: 3172

003 - CONTROL NUMBER IDENTIFIER

  • control field: CBULib

005 - DATE AND TIME OF LATEST TRANSACTION

  • control field: 20240807100036.0

008 - FIXED-LENGTH DATA ELEMENTS

  • fixed length control field: 240807|| aca||babn | a|a d

040 ## - CATALOGING SOURCE

  • Original cataloging agency: CBULib

150 ## - HEADING--TOPICAL TERM

  • Topical term or geographic name entry element: OIL SPILLS